000 00672nam a2200205Ii 4500
003 JO-AjNU
008 230605s9999||||xx |||||||||||||| ||und||
040 _aJO-AjNU
_bara
_erda
_cJO-AjNU
041 _aara
050 1 4 _aQA29.A54.S5232 1981
100 3 _aشوقي، جلال محقق شرح محلل,
_eauthor
_920348
245 0 0 _aالاعمال الرياضية لبهاء الدين العاملي
250 _aط1
264 3 1 _aبيروت:دار الشروق ، 1981
300 _a336ص
336 _atext
_btxt
_2rdacontent
337 _aunmediated
_bn
_2rdamedia
338 _avolume
_bnc
_2rdacarrier
650 4 _aالرياضيات عند العرب
_920349
999 _aA6882
_c10450
_d10450